Až léto skončí /
Milostný román o pohledném starším nájemníkovi domu u jezera, do kterého se hrdinka příběhu zdráhá zamilovat, neboť se obává, že takový vztah by skončil zároveň s létem.
Uloženo v:
| Hlavní autor: | |
|---|---|
| Další autoři: | |
| Médium: | E-kniha |
| Jazyk: | Czech |
| Vydáno: |
V Praze :
Baronet,
2024
|
| Vydání: | 2. vydání |
| Témata: | |
| Tagy: |
Žádné tagy |
| LEADER | 02361nam a2200433 i 4500 | ||
|---|---|---|---|
| 001 | 312515 | ||
| 003 | CZ PrSKC | ||
| 005 | 20260601215724.0 | ||
| 007 | ta | ||
| 008 | 241007s2024 xr e 000 f cze | ||
| 015 | |a cnb003636003 | ||
| 020 | |a 9788026924456 |q (vázáno) | ||
| 035 | |a (OCoLC)1477949975 | ||
| 040 | |a ABG001 |b cze |d BOA001 |d OLA001 |e rda | ||
| 041 | 1 | |a cze |h eng | |
| 072 | 7 | |a 821.111(73)-3 |x Americká próza |2 Konspekt | |
| 080 | |a 821.111(73)-31 |2 MRF | ||
| 080 | |a (0:82-312.5) |2 MRF | ||
| 100 | 1 | |a Ward, Penelope, |d 1975- |7 xx0226014 |4 aut | |
| 240 | 1 | 0 | |a When August ends. |l Česky |
| 245 | 1 | 0 | |a Až léto skončí / |c Penelope Ward ; z anglického originálu When August ends ... přeložila Zuzana Ľalíková |
| 250 | |a 2. vydání | ||
| 264 | 1 | |a V Praze : |b Baronet, |c 2024 | |
| 300 | |a 286 stran ; |c 21 cm | ||
| 336 | |a text |b txt |2 rdacontent | ||
| 337 | |a bez média |b n |2 rdamedia | ||
| 338 | |a svazek |b nc |2 rdacarrier | ||
| 520 | 2 | |a Milostný román o pohledném starším nájemníkovi domu u jezera, do kterého se hrdinka příběhu zdráhá zamilovat, neboť se obává, že takový vztah by skončil zároveň s létem. |b Heather a její matka se živí pronajímáním letního domku. První (i druhé) setkání Heather s Noahem, nájemníkem na toto léto, skončilo trapasem. Přestože je mu určitě přes třicet, sotva dvacetiletá Heather shledává fotografa Noaha přitažlivým. On ji zjevně považuje za puberťačku. A i kdyby ne, vztah s ním je předem odsouzen k zániku - domek má pronajatý do konce léta, potom odjede a už se nikdy nevrátí. | |
| 655 | 7 | |a americké romány |7 fd131796 |2 czenas | |
| 655 | 7 | |a milostné romány |7 fd132840 |2 czenas | |
| 655 | 9 | |a American fiction |2 eczenas | |
| 655 | 9 | |a love novels |2 eczenas | |
| 700 | 1 | |a Ľalíková, Zuzana, |d 1987- |7 xx0144546 |4 trl | |
| 900 | |a ABA001 |b 20 | ||
| 928 | 9 | |a Albatros Media - Baronet | |
| 044 | |a xr | ||
| 910 | |a RBIT002 | ||
| 998 | |d 414364 |a https://core.palmknihy.cz/api/books/414364/cover?sk8rkg |b https://core.palmknihy.cz/api/books/414364/cover/400?sk8rkg |c https://core.palmknihy.cz/api/books/414364/cover/50?sk8rkg |e 2029-03-22 |g 288 |i 9788026924456 |j https://core.palmknihy.cz/api/books/414364/preview.epub |k https://core.palmknihy.cz/api/books/414364/preview.pdf |l |q 49 |r 1 |s https://www.palmknihy.cz/kniha/414364 |t ebook |y 2024 |z 0 | ||
| 999 | |d 312513 | ||